000 00649nam a2200181Ia 4500
008 090124s9999 xx 000 0 und d
082 _b6644
100 _aफडणीस मीनाक्षी
245 _a मृत्युंजयाची सावली
250 _a0
260 _b"विजय प्रकाशन , नागपूर"
_c1974
300 _a258
600 _aफडणीस मीनाक्षी
630 _a मृत्युंजयाची सावली
700 _aफडणीस मीनाक्षी
730 _a मृत्युंजयाची सावली
942 _cBOOK
999 _c84772
_d84772